000 00966cam a2200265 i 4500
003 SA-RiAUC
005 20241029144322.0
008 241024s1999 ua g 00000 ara c
040 _aSA-RiAUC
_bara
_cSA-RiAUC
_erda
043 _aa-su---
082 0 4 _a239
090 _a239
_b ا ب ن س
100 1 _aابن سليمان، محمد،
_dقرن 8 هجري
_eمؤلف.
245 1 0 _aمفاخرة بين مكة والمدينة /
_cتأليف محمد بن سليمان ؛ تحقيق محمد الششتاوي.
264 1 _aالقاهرة :
_bدار الأفاق،
_c1999
300 _a56 صفحة ؛
_c20سم.
336 _aنص
_btxt
_2rdacontent
_3كتاب
337 _aبدون وسيط
_bn
_2rdamedia
338 _aمجلد
_bnc
_2rdacarrier
440 2 _aالمفاخرات
_v3
650 7 _aالسيرة النبوية
_2aucsh
700 1 _aالششتاوي، محمد
_eمحقق.
942 _2ddc
_cBOOK
_n0
949 _aSA-JeALM
_d241024
_umohamedma123
_n1
999 _c1886
_d1886